| 000 | 00383nam a2200169Ia 4500 | ||
|---|---|---|---|
| 005 | 20240702005848.0 | ||
| 008 | 240331s9999 xx 000 0 und d | ||
| 020 | _a | ||
| 082 |
_a100 _bDUN |
||
| 100 | _aDuncan, R | ||
| 245 | 4 | _aThe writings of Gandhi | |
| 260 |
_aCalcutta _bRupa.co _c1990 |
||
| 300 | _a288 p ., | ||
| 650 | _aGandhi's writings | ||
| 650 | _aReligion | ||
| 942 | _cL | ||
| 999 |
_c703 _d703 |
||